Hướng dẫn giảng dạy vật lí lớp 9 phổ thông

Guardat en:
Dades bibliogràfiques
Autor principal: Trần Quốc Dương
Format: Llibre
Idioma:Undetermined
Publicat: Hà Nội Giáo dục 1972
Matèries:
Etiquetes: Afegir etiqueta
Sense etiquetes, Sigues el primer a etiquetar aquest registre!
Thư viện lưu trữ: Trung tâm Học liệu Trường Đại học Cần Thơ
LEADER 00624nam a2200181Ia 4500
001 CTU_6161
008 210402s9999 xx 000 0 und d
082 |a 372.7 
082 |b H561/L9 
100 |a Trần Quốc Dương 
245 0 |a Hướng dẫn giảng dạy vật lí lớp 9 phổ thông 
245 0 |c Trần Quốc Dương, Nguyễn Đức Thâm 
260 |a Hà Nội 
260 |b Giáo dục 
260 |c 1972 
650 |a physics - study and teaching ( elementary ) 
904 |i Nguyễn Quang Điền, 960813 
980 |a Trung tâm Học liệu Trường Đại học Cần Thơ